Enhancing the Strength, Electrical Properties and Versatility of Epoxy Polymer Composite Foam with Carbon Nanostructures

Elmentve itt :
Bibliográfiai részletek
Szerzők: Rahaman Ariful
Fiser Bela
Tolbatov Iogann
Upadhyay Kahaly Mousumi
Dokumentumtípus: Cikk
Megjelent: 2023
Sorozat:Polymer Science: Peer Review Journal 5 No. 3
Tárgyszavak:
doi:10.31031/PSPRJ.2023.05.000611

mtmt:34723929
Online Access:http://publicatio.bibl.u-szeged.hu/36652
LEADER 00868nab a2200241 i 4500
001 publ36652
005 20250505112922.0
008 250505s2023 hu o 000 eng d
022 |a 2770-6613 
024 7 |a 10.31031/PSPRJ.2023.05.000611  |2 doi 
024 7 |a 34723929  |2 mtmt 
040 |a SZTE Publicatio Repozitórium  |b hun 
041 |a eng 
100 1 |a Rahaman Ariful 
245 1 0 |a Enhancing the Strength, Electrical Properties and Versatility of Epoxy Polymer Composite Foam with Carbon Nanostructures  |h [elektronikus dokumentum] /  |c  Rahaman Ariful 
260 |c 2023 
300 |a 6 
490 0 |a Polymer Science: Peer Review Journal  |v 5 No. 3 
650 4 |a Fizikai tudományok 
700 0 1 |a Fiser Bela  |e aut 
700 0 1 |a Tolbatov Iogann  |e aut 
700 0 2 |a Upadhyay Kahaly Mousumi  |e aut 
856 4 0 |u http://publicatio.bibl.u-szeged.hu/36652/1/34723929.pdf  |z Dokumentum-elérés